Country Quiz- United Kingdom - Statistics

General Stats
  • This quiz has been taken 46 times
  • The average score is 8 of 12
Answer Stats
Questions Answers % Correct
Name one country that makes up the UK. England | Scotland | Wales | Northern Ireland
100%
Name one of the capitals of the UK. London | Edinburgh | Cardiff | Belfast
100%
What currency is used in the UK? Pound Sterling
100%
What is the UK flag called? The Union Jack
98%
What flower is worn for Remembrance Day? Poppy
86%
Which city was the Titanic built? Belfast
79%
What is the highest mountain in the UK? Ben Nevis
74%
What does BBC stand for? British Broadcasting Corporation
62%
What is the most watched TV Show in the UK? EastEnders
31%
Which Welsh village is a copy of an Italian town? Portmeirion
14%
What type of country is the UK? Unitary Sovereign Country
5%
When was the UK formed? 12 April 1927
2%
No matching quizzes found
Score Distribution
Percent of People with Each Score
Percentile by Number Answered
Your Score History
You have not taken this quiz